| 000 | 01628nam a2200217 4500 | ||
|---|---|---|---|
| 008 | 240209t2020 us ado|gr||||i001 0 spa d | ||
| 020 | _a9789287053183 | ||
| 037 | _3Donación | ||
| 040 |
_aCO-JMCR _cCO-JMCR _dCO-JMCR _erda _bspa |
||
| 041 | _aspa | ||
| 082 |
_223 _a338.5 _bC73m |
||
| 110 |
_aOrganización mundial del comercio _eautor _943333 |
||
| 245 |
_aLas mujeres y el comercio : _bel papel del comercio en la promoción de la igualdad de genero / _cOrganización mundial del comercio |
||
| 264 |
_aWashintong : _bOrganización mundial del comercio , _c©2020 |
||
| 300 |
_a204 páginas : _bFotografías, ilustraciones y graficas a color ; _c27 cm. |
||
| 520 | _aEl comercio puede mejorar drásticamente la vida de las mujeres mediante la creación de nuevos puestos de trabajo, el aumento de las posibilidades de elección de los consumidores y el fortalecimiento del poder de negociación de las mujeres en la sociedad. También puede dar lugar a pérdidas de empleo y a una concentración del trabajo en ocupaciones de baja cualificación. Habida cuenta de la complejidad y especificidad de la relación entre comercio y género, es esencial evaluar las repercusiones que pueden tener las políticas comerciales tanto en las mujeres como en los hombres y elaborar políticas adecuadas y basadas en datos empíricos para garantizar que el comercio contribuya a crear mejores oportunidades para todos. | ||
| 650 | _943350 | ||
| 650 | _943351 | ||
| 650 | _943352 | ||
| 999 |
_c30555 _d16939 |
||